|
|
|
|
| LEADER |
00000naa2a2200000 4500 |
| 001 |
273420 |
| 005 |
20231031230011.0 |
| 035 |
|
|
|a (RuTPU)RU\TPU\book\296629
|
| 035 |
|
|
|a RU\TPU\book\293908
|
| 090 |
|
|
|a 273420
|
| 100 |
|
|
|a 20141026d2012 k y0rusy50 ca
|
| 101 |
0 |
|
|a rus
|
| 102 |
|
|
|a RU
|
| 200 |
1 |
|
|a Determination of necessary forces for geohod movement
|f А. В. Efremenkov, V. Y. Timofeev
|
| 320 |
|
|
|a References: p. 213-214 (6 tit.)
|
| 461 |
|
1 |
|0 (RuTPU)RU\TPU\book\270770
|t IFOST 2012
|o The 7th International Forum on Strategic Techology, September 17-21, 2012, Tomsk
|d 2012
|
| 463 |
|
1 |
|0 (RuTPU)RU\TPU\book\269459
|t Vol. 2
|v P. 211-214
|d 2012
|p 627 p.
|
| 610 |
1 |
|
|a труды учёных ТПУ
|
| 700 |
|
1 |
|a Efremenkov
|b А. В.
|c Specialist in the field of designing of machines, devices and mechanisms, including new types of mining technique
|c Candidate of Technical Sciences, Director of Yurga Institute of Technology, Tomsk Polytechnic University Affiliate (UTI TPU)
|f 1973-
|g Andrey Borisovich
|2 stltpush
|
| 701 |
|
1 |
|a Timofeev
|b V. Yu.
|c mining engineer
|c Associate Professor of Yurga Institute of Technology, TPU Affiliate, Candidate of technical sciences
|f 1978-
|g Vadim Yurievich
|2 stltpush
|
| 801 |
|
1 |
|a RU
|b 63413507
|c 20141001
|
| 801 |
|
2 |
|a RU
|b 63413507
|c 20150203
|g RCR
|
| 942 |
|
|
|c BK
|